000 00693nam a2200229Ia 4500
003 GCL
008 140319s9999 xx 000 0 ara d
040 _aGCL /
_cGCL
082 0 4 _a338.27282
_bم خ
100 1 _aمحمد ابراهيم نصر
245 1 0 _aخيار التصنيع العربى فى ظل النفط /
_cمحمد ابراهيم نصر
700 1 _aمحمد ابراهيم منصور
300 _a142 ص
490 _a
650 0 4 _aالاقتصاد
650 0 4 _aالسعودية
650 0 4 _aالجزائر
650 0 4 _aالغاز الطبيعى
650 0 4 _aالبترول - اقتصاديات
650 0 4 _aالبترول - صناعات
942 _2ddc
_cBK
999 _c40525
_d40525